Mots de la langue française terminés par "chet" - Statistiques

Statistiques générales
  • Ce quiz a été pris 158 fois
  • Le résultat moyen est 9 sur 24
Statistiques - réponses
Indice Mot % Correct
jouet de bébé hochet
91%
comprimé cachet
89%
détritu déchet
85%
poisson brochet
82%
broc pichet
67%
rebond ricochet
65%
aiguille crochet
58%
paquet sachet
55%
baguette archet
50%
jeune coq cochet
36%
sternum des oiseaux brechet
33%
vieille machine de guerre trébuchet
33%
accueil guichet
32%
babiole colifichet
28%
petit bâton fichet
17%
surplis d'évêque rochet
15%
chien brachet
12%
amande de terre souchet
8%
cor de chasse huchet
6%
râteau fauchet
5%
maladie des ruminants fourchet
5%
oiseau émouchet
1%
petite poitrine flanchet
1%
pièce de charpente blochet
0%
Aucun quiz correspondant
Distribution des résultats
% des personnes avec chaque résultat
Percentile par nombre de réponses
Votre historique - résultats
Vous n’avez pas pris ce quiz